000 01783nam a2200229Ia 4500
008 260220t2000||||xx |||||||||||||| ||spa||
040 _aPY-SlUNAC
_bspa
_erda
041 _aspa
082 _a639.3
_bF219i
245 0 _aInforme de la consulta de expertos sobre el producto de subcomité de acuicultura del comité de pesca
264 _aRoma :
_bNaciones Unidas,
_c℗2000.
300 _a1 volumen
520 _aEl libro "Informe de la consulta de expertos sobre el producto de subcomité de acuicultura del comité de pesca", publicado por las Naciones Unidas en el año 2000, presenta un análisis exhaustivo sobre el estado actual y las perspectivas de la acuicultura a nivel global. A través de una serie de consultas con expertos en el campo, el informe aborda diversas temáticas, incluyendo las prácticas sostenibles de producción, el impacto ambiental de la acuicultura, y las políticas necesarias para fomentar su desarrollo responsable. Se discuten las oportunidades y retos que enfrenta el sector, así como la importancia de la investigación y la innovación en la mejora de técnicas de cultivo. El documento también enfatiza la necesidad de colaboración internacional y la integración de enfoques multidisciplinarios para abordar los desafíos que presenta la creciente demanda de productos acuáticos. En conjunto, el informe proporciona recomendaciones clave para promover una acuicultura sostenible que contribuya a la seguridad alimentaria y al desarrollo económico en las comunidades pesqueras.
653 _aAcuicultura
653 _aDesarrollo sostenible
653 _aPesca
942 _b2026/02/17
_cBK
999 _c8721
_d8721